Succeed inToeic : 10 practice tests

The Tests have been designed to provide students with the strategies they need, in order to familiarize themselves with the FORMAT of the 7 TOEIC exam tasks. Bilingual Glossaries for various languages are available. A set of 7 Audio CDs presented in the exact format of the exam is also vailable

Tallennettuna:
Bibliografiset tiedot
Päätekijä: Betsis, Andrew
Aineistotyyppi: Kirja
Kieli:Undetermined
Julkaistu: Thành phố Hồ Chí Minh Tổng hợp 2014
Aiheet:
Tagit: Lisää tagi
Ei tageja, Lisää ensimmäinen tagi!
Thư viện lưu trữ: Trung tâm Học liệu Trường Đại học Cần Thơ
LEADER 00869nam a2200205Ia 4500
001 CTU_202525
008 210402s9999 xx 000 0 und d
082 |a 428.0076 
082 |b B564/CD 
100 |a Betsis, Andrew 
245 0 |a Succeed inToeic : 
245 0 |b 10 practice tests 
245 0 |c Andrew Betsis, Lawrence Mamas 
260 |a Thành phố Hồ Chí Minh 
260 |b Tổng hợp 
260 |c 2014 
520 |a The Tests have been designed to provide students with the strategies they need, in order to familiarize themselves with the FORMAT of the 7 TOEIC exam tasks. Bilingual Glossaries for various languages are available. A set of 7 Audio CDs presented in the exact format of the exam is also vailable 
650 |a English language,Tiếng Anh 
904 |i Tuyến 
980 |a Trung tâm Học liệu Trường Đại học Cần Thơ